| 000 | 00000nam 2200000zi 4500 |
| 001 | 9.921885 |
| 003 | CaOODSP |
| 005 | 20250224144117 |
| 006 | m o d f |
| 007 | cr ||||||||||| |
| 008 | 230424e197910##onca o f001 0 fre d |
| 040 | |aCaOODSP|bfre|erda|cCaOODSP |
| 043 | |an-cn--- |
| 086 | 1 |aFs64-1/1979F-PDF |
| 100 | 1 |aWong, Ed, |eauteur. |
| 245 | 10|aÉtude du marché international des produits de la pêche : |bprospectives d'ici 1985 : vue d'ensemble / |cE. Wong, R. Bulmer, K.A.J. Hay. |
| 264 | 1|aOttawa: |bGouvernement du Canada, Pêches et océans, Industrie et commerce = Government of Canada, Fisheries and Oceans, Industry, Trade and Commerce, |coctobre 1979. |
| 300 | |a1 ressource en ligne (49 pages) : |billustrations |
| 336 | |atexte|btxt|2rdacontent/fre |
| 337 | |ainformatique|bc|2rdamedia/fre |
| 338 | |aressource en ligne|bcr|2rdacarrier/fre |
| 500 | |aPublié aussi en anglais sous le titre : Worldwide fisheries marketing study : prospects to 1985 : overview |
| 500 | |aÉdition numérisée de l'imprimé [par Innovation, sciences et développement économique Canada]. |
| 650 | 6|aProduits de la pêche|zCanada|xCommercialisation. |
| 650 | 6|aPoisson (Aliment)|xCommerce|zCanada. |
| 710 | 1 |aCanada. |bIndustrie et commerce, |eorganisme de publication. |
| 775 | 08|tWorldwide fisheries marketing study : |w(CaOODSP)9.921886 |
| 856 | 40|qPDF|s1.77 Mo|uhttps://publications.gc.ca/collections/collection_2023/isde-ised/Fs64-1-1979-fra.pdf |